000 00647nam a2200181Ia 4500
008 151018s9999 xx 000 0 und d
082 _bRBASDV59565
_a891.464
100 _aछांया कुलकर्णी
245 _aअशी करावी तयारी
250 _b1
260 _b"निखील प्रकाशन, कोल्हापूर"
_c2012
300 _a168
600 _aछांया कुलकर्णी
630 _aअशी करावी तयारी
700 _aछांया कुलकर्णी
730 _aअशी करावी तयारी
942 _cBOOK
999 _c1053424
_d1053421